Statistics for Countries Bordering Arab League

Click here to take the quiz!

General Stats

  • This quiz has been taken 51 times
  • The average score is 10 of 13

Answer Stats

Answer% Correct
Turkey
98%
Ethiopia
90%
Iran
90%
Mali
90%
Chad
88%
Niger
88%
Eritrea
83%
Israel
83%
South Sudan
83%
Senegal
79%
Kenya
67%
Spain
40%
Central African Republic
36%

Score Distribution

Percentile by Number Answered

Percent of People with Each Score

Your Score History

You have not taken this quiz